Biblioteca

Irony in the Matthean passion narrative (Registro nro. 46651)

Detalles MARC
000 -LÍDER
Campo fijo de descripción fija 01857cam a2200421Ii 4500
001 - NÚMERO DE CONTROL
Campo de control 866620227
003 - IDENTIFICADOR DEL NÚMERO DE CONTROL
Campo de control OCoLC
005 - FECHA Y HORA DE LA ULTIMA TRANSACCIÓN
control field 20171120095124.0
008 - ELEMENTOS DE LONGITUD FIJA -- INFORMACIÓN GENERAL
Campo fijo de descripción fija -- Información general 131221t2014 xxu b 001 0 eng d
020 ## - NÚMERO INTERNACIONAL NORMALIZADO PARA LIBROS
Número Internacional Normalizado del libro 9781451470338
Información adicional (Print)
020 ## - NÚMERO INTERNACIONAL NORMALIZADO PARA LIBROS
Número Internacional Normalizado del libro 1451470339
Información adicional (Print)
020 ## - NÚMERO INTERNACIONAL NORMALIZADO PARA LIBROS
Cancelado / ISBN no válido 9781451484328
Número Internacional Normalizado del libro (eBook)
040 ## - FUENTE DE CATALOGACIÓN
Agencia de catalogación original BTCTA
Idioma de catalogación eng
Convenciones de la descripción rda
Agencia que realiza la modificación YDXCP
-- BDX
-- RSC
-- OCLCO
-- NKM
-- CDX
-- VGM
-- WAU
-- VGM
-- MNJ
-- UtOrBLW
Agencia que realiza la transcripción CO-MdFUSB
041 ## - CÓDIGO DE IDIOMA
Código de idioma para texto/pista de sonido o título separado eng
082 ## - NÚMERO DE CLASIFICACIÓN DECIMAL DEWEY
Número de la edición del Dewey 23
Número de clasificación 226.206
Clave de autor-Numero de item B493t
100 1# - ASIENTO PRINCIPAL--NOMBRE PERSONAL
Nombre personal Berg, InHee C.,
Término relacionador autor
242 ## - TRADUCCIÓN DEL TÍTULO POR AGENCIA CATALOGADORA
Título Ironía en la narrativa de Mateo sobre la pasión
245 #0 - TÍTULO
Título del Material Irony in the Matthean passion narrative
Mención de responsabilidad, etc. / InHee C. Berg.
264 #1 - PRODUCCIÓN, PUBLICACIÓN, DISTRIBUCIÓN, MANUFACTURA, Y COPYRIGHT
Lugar de producción, publicación, distribución, manufactura Minneapolis, MN :
Nombre del productor, publicador, distribuidor Fortress Press,
Fecha de producción, publicación, distribución, manufactura, o copyright [2014]
264 #4 - PRODUCCIÓN, PUBLICACIÓN, DISTRIBUCIÓN, MANUFACTURA, Y COPYRIGHT
Fecha de producción, publicación, distribución, manufactura, o copyright ©2014
300 ## - DESCRIPCIÓN FÍSICA
Extensión xiii, 231 páginas :
Dimensiones 23 cm.
336 ## - TIPO DE CONTENIDO
Término de tipo de contenido texto
Fuente rdacontent.
Código de tipo de contenido txt
337 ## - TIPO DE MEDIO
Nombre del tipo de medio sin mediación
Fuente rdamedia.
Código del tipo de medio n
338 ## - TIPO DE SOPORTE
Nombre del tipo de soporte volumen
Fuente rdacarrier.
Código Tipo de soporte nc
504 ## - NOTA DE BIBLIOGRAFÍA, ETC.
Nota de bibliografía, etc Incluye bibliografía. Páginas 209-223.
505 2# - NOTA DE CONTENIDO
Nota de contenido con formato preestablecido Irony and the Matthean passion narrative -- A general overview of irony -- Conventional ironies -- Irony of the Matthean passion narrative -- Theology of the Matthean passion narrative : the meaning of the death of Jesus through the lens of irony.
505 8# - NOTA DE CONTENIDO
Nota de contenido con formato preestablecido Ironía en la narrativa de Mateo sobre la pasión -- Una visión general de la Ironía -- Ironías convencionales -- Teología de la narrativa de Mateo sobre la pasión : El significado de la muerte de Jesús a través del lente de la Ironía.
563 ## - NOTA DE ENCUADERNACIÓN
Nota de encuadernación Rústico.
600 07 - ASIENTO SECUNDARIO DE MATERIA - NOMBRE PERSONAL
Nombre personal Jesucristo
Subdivisión general Pasión
630 #7 - TITULO UNIFORME
Título uniforme Biblia.
Subdivisión de forma Mateo
Subdivisión de materia general Crítica, interpretación, etc.
650 #0 - ASIENTO SECUNDARIO DE MATERIA - TERMINO TEMÁTICO
Término temático o nombre geográfico como elemento de entrada Passion narratives (Gospels)
650 #0 - ASIENTO SECUNDARIO DE MATERIA - TERMINO TEMÁTICO
Término temático o nombre geográfico como elemento de entrada Irony in the Bible.
650 #0 - ASIENTO SECUNDARIO DE MATERIA - TERMINO TEMÁTICO
Término temático o nombre geográfico como elemento de entrada Irony
Subdivisión general Religious aspects.
653 ## - TÉRMINO DE INDIZACIÓN - NO CONTROLADO
Término no controlado Ironía en la biblia
653 ## - TÉRMINO DE INDIZACIÓN - NO CONTROLADO
Término no controlado Ironía -- Aspectos religiosos
942 ## - TIPO DE MATERIAL (KOHA)
Tipo de Item KOHA Libros General
Existencias
Estado de Material Estado de Perdido Forma de Clasificación Estado de Dañado No para Préstamo Colección Biblioteca de Origen Biblioteca Permanente Fecha de Adquisición Total de Préstamos Signatura Topográfica Código de Barras Última vez visto Ejemplar/Existencia Fecha de Remplazo Tipo de Material
    Dewey Decimal Classification     Colección General Biblioteca FUSBC Biblioteca FUSBC 21/07/2015   G 226.206 B493t 20580 22/09/2025 Ej. 1 26/01/2016 Libros General

Biblioteca FUSBC | Teléfono: (57+4) 349 88 10 Ext. 141| WhatsApp (+57) 3005338115 
E-mail: biblioteca@unisbc.edu.co | Calle 76 87-14 Robledo Palenque, Medellín, Colombia

Con tecnología Koha